书目信息 |
| 题名: |
差生心理与教育
|
|
| 作者: | 钟启泉 | |
| 分册: | ||
| 出版信息: | 上海 上海教育 2003 |
|
| 页数: | 444页 | |
| 开本: | 26cm | |
| 丛书名: | ||
| 单 册: | ||
| 中图分类: | B849:G44 | |
| 科图分类: | ||
| 主题词: | 应用心理学 | |
| 电子资源: | ||
| ISBN: | 7-5320-3600-6 | |
| 000 | 00508nam0 2200181 450 | |
| 001 | 0753865015 | |
| 005 | 20070818145745.01 | |
| 010 | @a7-5320-3600-6@d¥40.00 | |
| 100 | @a20070818d km y0chiy0120 ea | |
| 101 | 0 | @achi |
| 200 | 1 | @a差生心理与教育@Acha sheng xin li yu jiao yu@f钟启泉@Fzhong qi quan |
| 210 | @a上海@c上海教育@d2003 | |
| 215 | @a444页@d26cm | |
| 606 | 0 | @a应用心理学 |
| 690 | @aB849:G44@v3 | |
| 701 | 0 | @a钟启泉@Azhong qi quan |
| 801 | 0 | @aCN@bPFT@c20070818 |
| 905 | @a213230@dB849:G44@ee306@f1 | |
| 差生心理与教育/钟启泉.-上海:上海教育,2003 |
| 444页;26cm |
| ISBN 7-5320-3600-6:¥40.00 |
| ● |
| 相关链接 |
|
|
|
|
正题名:差生心理与教育
索取号:B849:G44/e306
 
预约/预借
| 序号 | 登录号 | 条形码 | 馆藏地/架位号 | 状态 | 备注 |
| 1 | 6300425 | 263004251 | 教育系资料室/ [索取号:B849:G44/e306] | 在馆 | |
| 2 | 6300426 | 263004260 | 教育系资料室/ [索取号:B849:G44/e306] | 在馆 | |
| 3 | 6301759 | 263017595 | 教育系资料室/ [索取号:B849:G44/e306] | 在馆 |